000 00904nam a22002537a 4500
999 _c2757
_d2757
003 AR-CdUCM
008 190305b ||||| |||| 00| 0 spa d
020 _a9972-42-386-7
040 _aMUNICIPALIDAD PROVINCIAL DEL CUSCO
_cBIBLIOTECA MUNICIPAL DEL CUSCO
082 _a340.4 /
_bR91
100 _aRubio Correa, Marcial
_93515
245 _aDerecho: Estado de la Cuestión /
260 _aLima :
_bPontificia Universidad Católica del Perú,
_c2001.
300 _a103 paginas ;
_c20cm.
500 _aPrólogo: Salomón Lerner Febres.
505 _aContenido- El derecho frente al telescopio de la historia juridica -- Los cambios del derecho -- Una version general del derecho -- El tipo de relaciones
650 _aDerecho
_9739
650 _aPerú
_935
650 _aEnsayos
_9375
650 _aHistoria
_9136
700 _aLerner Febres, Salomón
_96914
942 _2ddc
_cLIBROS
945 _apjha